| 000 | 00553nam a2200217 a 4500 | ||
|---|---|---|---|
| 001 | BRCA_8187 | ||
| 005 | 20190320210152.0 | ||
| 008 | 080514s1960----nyua###f##---#001-0#eng-# | ||
| 041 | _aeng | ||
| 044 | _anyu | ||
| 050 | 4 |
_aHC110 _b.P3 _c1960 |
|
| 100 | 1 |
_aPackard, Vance _920404 |
|
| 245 | 1 | 0 |
_aThe waste makers _cby Vance Packard. |
| 260 |
_aNueva York _bMcKay _c1960 |
||
| 300 |
_a340 p. _c21 cm. |
||
| 500 | _aX100 | ||
| 650 | 1 | 4 |
_aEconomÃa _zEstados Unidos _920405 |
| 650 | 1 | 4 |
_aIndustria _zEstados Unidos _920406 |
| 902 | _aGFM | ||
| 942 |
_2lcc _cB |
||
| 999 |
_c7855 _d7855 |
||